Mighty Boosh: Bob Fossil's Animal Descriptions Quiz Stats

 Plays Quiz not verified by Sporcle

Also try: Rawhide 'em Words
Challenge
Share
Tweet
Embed
Score 0/7 Timer 10:00
0 Plays Today
% Correct
Python
93.9%
Kangaroo
93.7%
Pandas
91.7%
Elephant
91%
Bear
77.6%
Gorilla
52.9%
Gorilla
49.6%

You're not logged in!

Compare scores with friends on all Sporcle quizzes.
OR
Log In

You Might Also Like...

Show Comments

Extras

Top Quizzes Today


Score Distribution

Your Account Isn't Verified!

In order to create a playlist on Sporcle, you need to verify the email address you used during registration. Go to your Sporcle Settings to finish the process.

Report this User

Report this user for behavior that violates our Community Guidelines.

Details: